000 00322nam a2200133 i 4500
001 bg
100 1 _aSTOLARZ, Stanisław
245 0 _aMateriały na styki elektryczne /
_cStanisław Stolarz.
260 _aWarszawa,
_c1968.
040 _cBPK
041 _apol
942 _cKS
008 s pl f |000 0 pol
999 _c17797
_d17797
856 _uhttp://koha.tu.koszalin.pl/cgi-bin/koha/opac-detail.pl?biblionumber=17797
_yKatalog online BPK